Austronesian Languages on a Map - Statistics

General Stats
  • This quiz has been taken 40 times
  • The average score is 32 of 83
Answers on the Map
Answers color-coded by a green-red scale on the quiz's map according to % correct below.
 
Answer Stats
Family Answer % Correct
Malayic Malay
93%
Philippine Tagalog
93%
Oceanic Cook Islands Māori
90%
Oceanic Fijian
90%
Barito Malagasy
90%
Oceanic Māori
90%
Oceanic Samoan
90%
Oceanic Gilbertese
87%
Oceanic Nauruan
87%
Oceanic Tongan
87%
Oceanic Hawaiian
83%
Malayic Indonesian
80%
Malayo-Polynesian Javanese
80%
Oceanic Marshallese
80%
Oceanic Tuvaluan
80%
Malayo-Polynesian Palauan
77%
Philippine Cebuano
73%
English-based Pidgin Tok Pisin
70%
Malayo-Sumbawan? Balinese
67%
Oceanic Tahitian
67%
Malayo-Sumbawan? Sundanese
63%
Oceanic Niuean
60%
Oceanic Tokelauan
57%
Chamic Cham
53%
Chamic Acehnese
50%
Oceanic Chuukese
50%
Philippine Ilocano
50%
Malayic Papuan Malay
50%
Oceanic Rapa Nui
50%
English-based Pidgin Bislama
47%
Oceanic Hiri Motu
47%
Central Malayo-Polynesian Tetun
47%
Philippine Waray
47%
Oceanic Futunan
43%
Malayo-Polynesian Chamorro
40%
Philippine Palawano
40%
Oceanic Wallisian
40%
Oceanic Yapese
40%
English-based Cant Pitkern
37%
Oceanic Pohnpeian
37%
English-based Cant Norfuk
33%
Philippine Ilonggo
30%
Malayo-Sumbawan? Madurese
30%
Malayo-Sumbawan? Sumbawa
30%
Malayic Sabah Malay
27%
Philippine Bikol
23%
Oceanic Kosraean
23%
Oceanic Marquesan
23%
Atayalic Atayal
20%
Oceanic Austral
20%
South Sulawesi Buginese
20%
Malayic Minang
20%
Malayo-Sumbawan? Sasak
20%
Malayic Banjarese
17%
Malayic Brunei Malay
17%
Malayic Iban
17%
Malayic Kedah Malay
17%
Malayic Kelantan Malay
17%
Lampungic Lampung
17%
Malayic Terengganu Malay
17%
Oceanic Tuamotuan
17%
Malayic Ambonese Malay
13%
East Formosan Amis
13%
Malayic Malayic Dayak
13%
Formosan Paiwan
13%
English-based Pidgin Pijin
13%
Formosan Bunun
10%
Atayalic Seediq
10%
West New Guinea Biak
7%
Malayic Jambi
7%
Malayic Musi
7%
Barito Ngaju
7%
Formosan Rukai
7%
Malayic Ternate Malay
7%
Malayic Berau Malay
3%
Central Malayo-Polynesian Bima
3%
Central Malayo-Polynesian Dawan
3%
Malayic Kendayan
3%
Barito Lawangan
3%
Barito Ot Danum
3%
German-based Creole Unserdeutsch
3%
Malayic Kupang Malay
0%
Malayic Kutai
0%
No matching quizzes found
Score Distribution
Percent of People with Each Score
Percentile by Number Answered
Your Score History
You have not taken this quiz